000 00805nam a22002897a 4500
001 BR8007522
003 BR-BrBNA
005 20230928090850.0
007 ta
008 230509b bl.||||| |||| 00| 0 por d
040 _aBR-BrBNA
_bpor
_cBiblioteca Nacional de Agricultura
041 _a(Por)
072 _aE21; H01
_b3870
_b/G514
090 _ 3870 BR8007522
110 1 _aIndustrias Monsanto S.A., Sao Paulo, SP (Brasil). Div. de Agricultura
245 1 _aMonsato Brasil [defensivo, industrializacao]
260 3 _aSao Paulo, SP (Brasil):
_c1980.
300 _a60 p.
650 _aDEFENSIVO
650 _aPESTICIDA
650 _aFABRICA
650 _aDESENVOLVIMENTO INDUSTRIAL
650 _aCOMERCIALIZACAO
650 _aTOXIDEZ
909 _a202309
_bLucia
_c55
_dLucia Elande
942 _cBK
999 _c30981
_d30981